Normal view
MARC view
- Ashurst, Stephen, Stefano TempestaP, Foreword Stylianos Kampakis
Entry Personal Name
001 - CONTROL NUMBER
- control field: 6887
003 - CONTROL NUMBER IDENTIFIER
- control field: JO-AjAnu
005 - DATE AND TIME OF LATEST TRANSACTION
- control field: 20230606071421.0
008 - FIXED-LENGTH DATA ELEMENTS
- fixed length control field: 230606|| aca||aabn | a|a d
040 ## - CATALOGING SOURCE
- Original cataloging agency: JO-AjAnu
- Transcribing agency: JO-AjAnu
100 ## - HEADING--PERSONAL NAME
- Personal name: Ashurst, Stephen, Stefano TempestaP, Foreword Stylianos Kampakis
670 ## - SOURCE DATA FOUND
- Source citation: Work cat.: (JO-AjAnu)3568: Ashurst, Stephen, Stefano TempestaP, Foreword Stylianos Kampakis, author, Blockchain Applied: Practical Technology and Use Cases of Enterprise Blockchain for the Real World